|
|
|
|
| LEADER |
00000nab a2200000 a 4500 |
| 001 |
vtls009356841 |
| 003 |
SK-MaSNL |
| 005 |
20260304152101.0 |
| 008 |
250506c2008 xo mr|p|||||||000 b|slo |
| 015 |
|
|
|a SNBRB2008/10
|2 snkbucl
|
| 035 |
|
|
|a (sysno)vtls009356841
|
| 035 |
|
|
|a urn:nbn:sk:snk-ab756p
|
| 035 |
|
|
|a (uuid)8c6c17f6-8e4b-48a5-961d-f8b2de075064
|
| 035 |
|
|
|a (urnnbn)urn:nbn:sk:snk:ar-a06vvo
|
| 038 |
|
|
|a SNKBUCL
|
| 040 |
|
|
|a SNKBUCL
|b slo
|c SNKBUCL
|e AACR2
|
| 041 |
0 |
|
|a slo
|
| 044 |
|
|
|a xo
|c SK
|
| 080 |
|
|
|a 336.226.112.3:332
|2 2001
|
| 100 |
1 |
|
|a Borčíková, Jana
|4 aut
|9 1055889
|
| 245 |
1 |
0 |
|a Zdanenie príjmov z predaja nehnuteľností
|c Jana Borčíková
|
| 650 |
0 |
7 |
|a daň z príjmov z predaja nehnuteľnosti
|2 snkbucl
|9 1328842
|
| 773 |
0 |
|
|t Dane a účtovníctvo v praxi
|g Roč. XIII., č. 10 (2008), s. 2-6
|x 1335-7034
|
| 850 |
|
|
|a Slovenská národná knižnica
|
| 852 |
|
|
|a Slovenská národná knižnica
|
| 954 |
|
|
|a odborná, vedecká literatúra pôvodná (slovenská)
|2 lita
|
| 958 |
|
|
|a article27
|
| 958 |
|
|
|a OND
|
| 958 |
|
|
|a EUIPO
|
| 999 |
|
|
|c 2947148
|d 2949078
|